00763nam a2200157 a 450000100100000000500170001000800410002704000250006810000330009324501590012626000630028530000230034895201060037195201110047799900170058800003869420201002031334.0130418s1997 dr 000 0 spa d aDO-SdBNPbspacBNPHU1 aHernández, Pedro A.95430213aLa gestión de los ayuntamientos de Luperón y Guananico, Puerto Plata (1994-96) :b(Lecciones para los municipios dominicanos) /cPedro A. Hernández. aPuerto Plata, República Dominicana :bMediabyte ,c1997. a128 p. : ;c21 cm. 00107-18PDaPDbPDcOId2013-04-18iLF1l0o p38694-10r2020-06-25w2020-06-25yLFPDZNo se presta 0010728PDaPDbPDcOId2013-04-19iLF1l0o p38694-20r2020-06-25te. 2w2020-06-25yLFPDZNo se presta c38184d38184